[Event "Chessable Masters Play-In"]
[Site "chess.com INT"]
[Date "2025.02.17"]
[Round "6"]
[White "Gledura, B."]
[Black "Mamedov, Rau"]
[Result "0-1"]
[WhiteElo "2659"]
[BlackElo "2656"]
[PlyCount "64"]
[EventDate "2025.02.17"]

1. d4 d5 2. c4 e6 3. Nc3 c5 4. cxd5 exd5 5. Nf3 Nc6 6. g3 Nf6 7. a3 cxd4 8. Nxd4 Bc5 9. Be3 Bb6 10. Bg2 O-O 11. O-O Re8 12. Rc1 ({RR} 12. Kh1 Bg4 13. Re1 Qd7 14. Nxc6 Bxe3 15. Nb4 Bxf2 16. Rf1 d4 17. Rxf2 dxc3 18. Qxd7 Bxd7 19. bxc3 Ng4 20. Rf4 Rxe2 21. Bxb7 Rb8 22. Bg2 g5 23. Rd4 Rbe8 24. Bf3 Rxh2+ 25. Kg1 Ne5 26. Bg2 Rh6 {Abdusattorov,N (2777)-So,W (2747) Kolkata IND 2024 0-1 (37)}) ({RR} 12. Kh1 Bg4 13. Re1 Qd7 14. Nxc6 Bxe3 15. Nb4 Bxf2 16. Rf1 d4 17. Rxf2 dxc3 18. Qxd7 Bxd7 19. bxc3 Ng4 20. Rf4 Rxe2 21. Bxb7 Rb8 22. Bg2 g5 23. Rd4 Rbe8 24. Bf3 Rxh2+ 25. Kg1 Ne5 26. Bg2 Rh6 {Abdusattorov,N (2777)-So,W (2747) Kolkata IND 2024 0-1 (37)}) 12... Bg4 13. Re1 Bh5 $146 ({RR} 13... Rxe3 14. fxe3 Qe7 15. Qd2 Re8 16. Nxd5 Nxd5 17. Bxd5 Qxe3+ 18. Qxe3 Rxe3 19. Nxc6 bxc6 20. Bxc6 h5 21. Kf1 Re6 22. Kg2 Bxe2 23. Bf3 Bxf3+ 24. Kxf3 Rf6+ 25. Ke4 Rf2 26. b4 Rxh2 27. a4 Rb2 28. Rc4 {Krysa,L (2446)-Punin,A (2289) chess.com INT 2026 0-1 (74)}) ({RR} 13... Rxe3 14. fxe3 Qe7 15. Qd2 Re8 16. Nxd5 Nxd5 17. Bxd5 Qxe3+ 18. Qxe3 Rxe3 19. Nxc6 bxc6 20. Bxc6 h5 21. Kf1 Re6 22. Kg2 Bxe2 23. Bf3 Bxf3+ 24. Kxf3 Rf6+ 25. Ke4 Rf2 26. b4 Rxh2 27. a4 Rb2 28. Rc4 {Krysa,L (2446)-Punin,A (2289) chess.com INT 2026 0-1 (74)}) 14. Qd2 Rc8 15. h3 h6 16. Nxc6 bxc6 17. Bxb6 axb6 18. e3 Bg6 19. b4 Qe7 20. b5 cxb5 21. Nxb5 Rc5 22. Rxc5 bxc5 23. a4 Qd7 24. Rc1 Ne4 25. Qa5 Ng5 26. Qc7 Nxh3+ 27. Kh2 Qf5 28. Nd6 Qxf2 29. Rf1 Qe2 30. Nxe8 Ng5 31. Qe5 Qh5+ 32. Kg1 Nh3+ 0-1

[Event "7th Prague Masters 2025"]
[Site "Prague CZE"]
[Date "2025.03.05"]
[Round "7.5"]
[White "Praggnanandhaa, R."]
[Black "Wei Yi"]
[Result "1/2-1/2"]
[WhiteElo "2741"]
[BlackElo "2755"]
[PlyCount "121"]
[EventDate "2025.02.26"]

1. c4 Nf6 2. Nc3 c5 3. Nf3 e6 4. g3 d5 5. cxd5 exd5 6. d4 Nc6 7. Bg2 cxd4 8. Nxd4 Bc5 9. Nxc6 bxc6 10. Na4 Bb6 11. O-O O-O 12. Nxb6 axb6 13. Qc2 Bd7 14. a4 Re8 15. b4 Ne4 16. Be3 ({RR} 16. Rd1 h5 17. Bb2 h4 18. b5 hxg3 19. hxg3 Rc8 20. bxc6 Bxc6 21. Rac1 Qd7 22. Qd3 f6 23. Bf3 Ra8 24. Qb3 Ra6 25. Rxc6 Qxc6 26. Rxd5 Qxa4 27. Qd3 Qb4 28. Kg2 Raa8 29. Rb5 Qe7 30. Qd5+ Kf8 {Bachmann,A (2582)-Quintiliano Pinto,R (2496) Caioba BRA 2026 ½-½ (63)}) ({RR} 16. Rd1 h5 17. Bb2 h4 18. b5 hxg3 19. hxg3 Rc8 20. bxc6 Bxc6 21. Rac1 Qd7 22. Qd3 f6 23. Bf3 Ra8 24. Qb3 Ra6 25. Rxc6 Qxc6 26. Rxd5 Qxa4 27. Qd3 Qb4 28. Kg2 Raa8 29. Rb5 Qe7 30. Qd5+ Kf8 {Bachmann,A (2582)-Quintiliano Pinto,R (2496) Caioba BRA 2026 ½-½ (63)}) 16... Nd6 17. Bd4 $146 ({RR} 17. Bf4 Nc4 18. b5 Qe7 19. bxc6 Bxc6 20. e4 Qc5 21. Rfc1 Rec8 22. Qd1 dxe4 23. Qe2 Rxa4 24. Rxa4 Bxa4 25. Bxe4 b5 26. Qd3 h6 27. Qd7 Rf8 28. Bd5 Qd4 29. Bxf7+ Rxf7 30. Qxd4 {1-0 (30) Bok,B (2596)-Delorme,A (2468) chess.com INT 2024}) ({RR} 17. Bf4 Nc4 18. b5 Qe7 19. bxc6 Bxc6 20. e4 Qc5 21. Rfc1 Rec8 22. Qd1 dxe4 23. Qe2 Rxa4 24. Rxa4 Bxa4 25. Bxe4 b5 26. Qd3 h6 27. Qd7 Rf8 28. Bd5 Qd4 29. Bxf7+ Rxf7 30. Qxd4 {1-0 (30) Bok,B (2596)-Delorme,A (2468) chess.com INT 2024}) ({RR} 17. Bf4 Nc4 18. b5 Qe7 19. bxc6 Bxc6 20. e4 Qc5 21. Rfc1 Rec8 22. Qd1 dxe4 23. Qe2 Rxa4 24. Rxa4 Bxa4 25. Bxe4 b5 26. Qd3 h6 27. Qd7 Rf8 28. Bd5 Qd4 29. Bxf7+ Rxf7 30. Qxd4 {1-0 (30) Bok,B (2596)-Delorme,A (2468) chess.com INT 2024}) ({RR} 17. Bf4 Nc4 18. b5 Qe7 19. bxc6 Bxc6 20. e4 Qc5 21. Rfc1 Rec8 22. Qd1 dxe4 23. Qe2 Rxa4 24. Rxa4 Bxa4 25. Bxe4 b5 26. Qd3 h6 27. Qd7 Rf8 28. Bd5 Qd4 29. Bxf7+ Rxf7 30. Qxd4 {1-0 (30) Bok,B (2596)-Delorme,A (2468) chess.com INT 2024}) 17... Nf5 18. Bc3 d4 19. Bb2 Qe7 20. b5 Qxe2 21. Rfc1 d3 22. Qxe2 Rxe2 23. bxc6 Be6 24. Bc3 Rc8 25. Rd1 Bc4 26. Rab1 Rc2 27. Ba1 Ne7 28. Rxb6 f6 29. Be4 Re2 30. Bf3 Ra2 31. Rb4 Be6 32. Bb2 Bd5 33. Bxd5+ Nxd5 34. Rb7 Rxc6 35. Rxd3 Rb6 36. Ra7 Rbxb2 37. Rxd5 Rd2 38. Rxd2 Rxd2 39. Kg2 Rd3 40. g4 h5 41. gxh5 Kh7 42. Ra8 Rd4 43. a5 Rd5 44. a6 Rxh5 45. Kf3 Rh4 46. Ke3 Kg6 47. Kd3 Kf5 48. Kc3 Ra4 49. Kb3 Ra1 50. Kc4 Ra2 51. Kb5 Rb2+ 52. Kc6 Rc2+ 53. Kb7 Rb2+ 54. Kc7 Rc2+ 55. Kb6 Rb2+ 56. Kc6 Rc2+ 57. Kb7 Rb2+ 58. Ka7 Rxf2 59. Rh8 g5 60. Ka8 g4 61. a7 1/2-1/2

[Event "Titled Tue 19th Nov Early"]
[Site "chess.com INT"]
[Date "2024.11.19"]
[Round "9"]
[White "Daneshvar, Bardiya"]
[Black "Sarana, A."]
[Result "0-1"]
[WhiteElo "2600"]
[BlackElo "2679"]
[PlyCount "60"]
[EventDate "2024.11.19"]

1. Nf3 d5 2. c4 e6 3. g3 Nf6 4. Bg2 Be7 5. b3 O-O 6. Bb2 c5 7. O-O Nc6 8. cxd5 exd5 9. d4 Ne4 10. Nc3 Bf6 11. Na4 cxd4 12. Nxd4 Re8 13. Rc1 Bd7 14. e3 ({RR} 14. Nc5 Nxd4 15. Bxd4 Bb5 16. Re1 b6 17. Nxe4 dxe4 18. Bxf6 Qxd1 19. Rexd1 gxf6 20. e3 Be2 21. Rd7 Bg4 22. Rd4 f5 23. h3 Bh5 24. g4 Bg6 25. Kh2 fxg4 26. hxg4 Re5 27. Rcd1 h5 28. Rd8+ Rxd8 {Sargissian,G (2702)-Harikrishna,P (2753) Huaian 2016 ½-½ (49)}) ({RR} 14. Nc5 Nxd4 15. Bxd4 Bc6 16. Rc2 Qe7 17. e3 Bb5 18. Re1 b6 19. Bxf6 Nxf6 20. Nd3 Rad8 21. Rc1 h6 22. Nf4 {½-½ (22) Nemeth,Z (2264)-Balabayeva,X (2371) Budapest HUN 2026}) ({RR} 14. Nc5 Nxd4 15. Bxd4 Bb5 16. Re1 b6 17. Nxe4 dxe4 18. Bxf6 Qxd1 19. Rexd1 gxf6 20. e3 Be2 21. Rd7 Bg4 22. Rd4 f5 23. h3 Bh5 24. g4 Bg6 25. Kh2 fxg4 26. hxg4 Re5 27. Rcd1 h5 28. Rd8+ Rxd8 {Sargissian,G (2702)-Harikrishna,P (2753) Huaian 2016 ½-½ (49)}) ({RR} 14. Nc5 Nxd4 15. Bxd4 Bc6 16. Rc2 Qe7 17. e3 Bb5 18. Re1 b6 19. Bxf6 Nxf6 20. Nd3 Rad8 21. Rc1 h6 22. Nf4 {½-½ (22) Nemeth,Z (2264)-Balabayeva,X (2371) Budapest HUN 2026}) 14... Rc8 15. Nxc6 Bxc6 16. Bxf6 $146 ({RR} 16. Bd4 Bxa4 17. Rxc8 Qxc8 18. bxa4 Qc4 19. Bxa7 Nc3 20. Qb3 Qa6 21. Bb6 Nxa4 22. Bxd5 Nxb6 23. Bxf7+ Kf8 24. Bxe8 Kxe8 25. Qe6+ Kf8 26. Rc1 Qb5 27. Rc7 Qd5 28. Rf7+ Kg8 29. Qe8# {1-0 (29) Pichot,A (2587)-Salonen,A (2253) chess.com INT 2025}) ({RR} 16. Bd4 Bxa4 17. Rxc8 Qxc8 18. bxa4 Qc4 19. Bxa7 Nc3 20. Qb3 Qa6 21. Bb6 Nxa4 22. Bxd5 Nxb6 23. Bxf7+ Kf8 24. Bxe8 Kxe8 25. Qe6+ Kf8 26. Rc1 Qb5 27. Rc7 Qd5 28. Rf7+ Kg8 29. Qe8# {1-0 (29) Pichot,A (2587)-Salonen,A (2253) chess.com INT 2025}) 16... Qxf6 17. Nc5 Nc3 18. Qd2 d4 19. Bxc6 Qxc6 20. Na4 b5 21. Nxc3 dxc3 22. Qc2 b4 23. Rfd1 Red8 24. h4 a5 25. Kh2 Qf3 26. Kg1 g6 27. a4 h5 28. Kf1 Kg7 29. Ke1 Rd2 30. Rxd2 cxd2+ 0-1

[Event "87th Tata Steel Masters"]
[Site "Wijk aan Zee NED"]
[Date "2025.01.29"]
[Round "10.3"]
[White "Praggnanandhaa, R."]
[Black "Fedoseev, Vl3"]
[Result "1-0"]
[WhiteElo "2741"]
[BlackElo "2717"]
[PlyCount "89"]
[EventDate "2025.01.18"]

1. d4 d5 2. c4 e6 3. Nc3 c5 4. cxd5 exd5 5. Nf3 Nf6 6. Bg5 Be6 7. e3 c4 8. Bxf6 ({RR} 8. Be2 Bb4 9. O-O O-O 10. Ne5 Qa5 11. Bxf6 gxf6 12. Ng4 Nd7 13. Qc2 Rad8 14. f4 Bxc3 15. bxc3 f5 16. Rab1 fxg4 17. f5 Nf6 18. fxe6 fxe6 19. Rf4 Ne4 20. Rxg4+ Kh8 21. Rxb7 Qxc3 22. Qxc3 Nxc3 {Giri,A (2768)-Abdusattorov,N (2731) chess.com INT 2023 ½-½}) ({RR} 8. Be2 Bb4 9. O-O O-O 10. Ne5 Qa5 11. Bxf6 gxf6 12. Ng4 Nd7 13. Qc2 Rad8 14. f4 Bxc3 15. bxc3 f5 16. Rab1 fxg4 17. f5 Nf6 18. fxe6 fxe6 19. Rf4 Ne4 20. Rxg4+ Kh8 21. Rxb7 Qxc3 22. Qxc3 Nxc3 {Giri,A (2768)-Abdusattorov,N (2731) chess.com INT 2023 ½-½}) 8... gxf6 9. g3 $146 ({RR} 9. a3 Qa5 10. g3 Nc6 11. Bg2 Be7 12. Ng1 f5 13. Nh3 Bd6 14. O-O Ne7 15. Qc2 h5 16. Nf4 Bxf4 17. gxf4 Ng6 18. Bh3 Rg8 19. Kh1 Ne7 20. Rg1 O-O-O 21. Qe2 h4 22. Qc2 Kb8 23. Ne2 b5 {Poltorak,S (2392)-Yatskar,M (2066) Berlin GER 2024 1-0 (60)}) ({RR} 9. a3 f5 10. g3 Bd6 11. Qc2 Nc6 12. Bg2 O-O 13. O-O Rb8 14. Nh4 Ne7 15. f3 Bc7 16. Kh1 b5 17. e4 f4 18. e5 f6 19. gxf4 f5 20. Qf2 Kh8 21. Rg1 a5 22. Bh3 b4 23. Na4 Bb6 {Smolik,J (2375)-Kozlovic,J (2317) St. Veit an der Glan AUT 2026 ½-½ (41)}) ({RR} 9. a3 Qa5 10. g3 Nc6 11. Bg2 Be7 12. Ng1 f5 13. Nh3 Bd6 14. O-O Ne7 15. Qc2 h5 16. Nf4 Bxf4 17. gxf4 Ng6 18. Bh3 Rg8 19. Kh1 Ne7 20. Rg1 O-O-O 21. Qe2 h4 22. Qc2 Kb8 23. Ne2 b5 {Poltorak,S (2392)-Yatskar,M (2066) Berlin GER 2024 1-0 (60)}) ({RR} 9. a3 f5 10. g3 Bd6 11. Qc2 Nc6 12. Bg2 O-O 13. O-O Rb8 14. Nh4 Ne7 15. f3 Bc7 16. Kh1 b5 17. e4 f4 18. e5 f6 19. gxf4 f5 20. Qf2 Kh8 21. Rg1 a5 22. Bh3 b4 23. Na4 Bb6 {Smolik,J (2375)-Kozlovic,J (2317) St. Veit an der Glan AUT 2026 ½-½ (41)}) 9... Bb4 10. Bg2 Nc6 11. O-O O-O 12. Ne2 Rc8 13. Nh4 Kh8 14. a3 Be7 15. e4 Rg8 16. Re1 Bf8 17. Qc2 b5 18. Rad1 Ne7 19. Nc3 a6 20. exd5 Nxd5 21. Be4 Nf4 22. Bxh7 Rg5 23. Be4 Qd7 24. Kh1 Rh5 25. Bf3 Rh6 26. d5 Bh3 27. Be4 Rh5 28. Ne2 Nxe2 29. Qxe2 Re5 30. f4 Bg4 31. Qf1 Rh5 32. Bf3 c3 33. bxc3 Rxc3 34. Bxg4 Qxg4 35. Qe2 Qxe2 36. Rxe2 Bd6 37. Re8+ Kh7 38. Rd8 Bxf4 39. d6 Bxg3 40. d7 Rxh4 41. Rc8 Rxh2+ 42. Kg1 Rxa3 43. d8=Q Be5 44. Qg8+ Kh6 45. Qf8+ 1-0

[Event "German Team  Cup 2025"]
[Site "Augsburg GER"]
[Date "2025.06.15"]
[Round "4.2"]
[White "Shirov, A."]
[Black "Wagner, De"]
[Result "1/2-1/2"]
[WhiteElo "2620"]
[BlackElo "2619"]
[PlyCount "51"]
[EventDate "2025.06.14"]
[EventType "team-k.o."]
[WhiteTeam "OSG Baden-Baden"]
[BlackTeam "SC Viernheim"]

1. c4 Nf6 2. Nf3 c5 3. Nc3 e6 4. g3 d5 5. cxd5 exd5 6. d4 Nc6 7. Bg2 cxd4 8. Nxd4 Bc5 9. Nb3 Bb6 10. O-O d4 11. Na4 O-O 12. Bg5 Re8 13. Nxb6 axb6 14. Re1 h6 15. Bxc6 bxc6 16. Bxf6 Qxf6 17. Qxd4 Qd8 18. Qxd8 Rxd8 19. Rad1 Rxd1 20. Rxd1 Be6 21. Nc1 Bxa2 22. Nxa2 Rxa2 23. Rd8+ Kh7 24. Rd6 Rxb2 25. Rxc6 Rxe2 26. Rxb6 1/2-1/2

[Event "Esports World Cup LC Lose"]
[Site "chess.com INT"]
[Date "2025.07.26"]
[Round "3.3"]
[White "Praggnanandhaa, R."]
[Black "Giri, A."]
[Result "1/2-1/2"]
[WhiteElo "2779"]
[BlackElo "2748"]
[PlyCount "112"]
[EventDate "2025.07.26"]
[EventType "k.o."]

1. c4 Nf6 2. Nf3 c5 3. Nc3 e6 4. g3 d5 5. cxd5 exd5 6. d4 Nc6 7. Bg2 cxd4 8. Nxd4 Bc5 9. Nxc6 bxc6 10. Na4 Bb6 11. O-O O-O 12. Nxb6 axb6 13. Qc2 c5 ({RR} 13... Bd7 14. a4 Re8 15. b4 Ne4 16. Be3 Nd6 17. Bd4 Nf5 18. Bc3 d4 19. Bb2 Qe7 20. b5 Qxe2 21. Rfc1 d3 22. Qxe2 Rxe2 23. bxc6 Be6 24. Bc3 Rc8 25. Rd1 Bc4 26. Rab1 Rc2 27. Ba1 Ne7 28. Rxb6 {Praggnanandhaa,R (2741)-Wei Yi (2755) Prague CZE 2025 ½-½ (61)}) ({RR} 13... Qd6 14. Bf4 Qe6 15. b4 Ba6 16. Be3 Nd7 17. a4 Bc4 18. Rfb1 Ra6 19. a5 Rfa8 20. Qd2 h6 21. h3 c5 22. bxc5 Nxc5 23. Bxc5 bxc5 24. e3 Qd6 25. Rc1 Qd8 26. e4 Rxa5 27. Rxa5 Qxa5 28. Qxa5 {Deuer,M (2502)-Silva,P (2329) Graz AUT 2026 ½-½ (31)}) ({RR} 13... Bd7 14. a4 Re8 15. b4 Ne4 16. Be3 Nd6 17. Bd4 Nf5 18. Bc3 d4 19. Bb2 Qe7 20. b5 Qxe2 21. Rfc1 d3 22. Qxe2 Rxe2 23. bxc6 Be6 24. Bc3 Rc8 25. Rd1 Bc4 26. Rab1 Rc2 27. Ba1 Ne7 28. Rxb6 {Praggnanandhaa,R (2741)-Wei Yi (2755) Prague CZE 2025 ½-½ (61)}) ({RR} 13... Qd6 14. Bf4 Qe6 15. b4 Ba6 16. Be3 Nd7 17. a4 Bc4 18. Rfb1 Ra6 19. a5 Rfa8 20. Qd2 h6 21. h3 c5 22. bxc5 Nxc5 23. Bxc5 bxc5 24. e3 Qd6 25. Rc1 Qd8 26. e4 Rxa5 27. Rxa5 Qxa5 28. Qxa5 {Deuer,M (2502)-Silva,P (2329) Graz AUT 2026 ½-½ (31)}) 14. Bg5 Be6 15. Rfd1 $146 ({RR} 15. e4 d4 16. e5 h6 17. exf6 hxg5 18. fxg7 Re8 19. Bxa8 Qxa8 20. f4 Qd5 21. Qe2 g4 22. Rfe1 d3 23. Qe5 Rd8 24. Rad1 c4 25. Qxd5 Bxd5 26. Rd2 b5 27. a3 Kxg7 28. Kf2 Kg6 29. Re5 f6 {Nakamura,H (2754)-Dubov,D (2700) Paris 2019 1-0 (41)}) ({RR} 15. e4 d4 16. e5 h6 17. exf6 hxg5 18. fxg7 Re8 19. Bxa8 Qxa8 20. f4 Qd5 21. Qe2 g4 22. Rfe1 d3 23. Qe5 Rd8 24. Rad1 c4 25. Qxd5 Bxd5 26. Rd2 b5 27. a3 Kxg7 28. Kf2 Kg6 29. Re5 f6 {Nakamura,H (2754)-Dubov,D (2700) Paris 2019 1-0 (41)}) 15... Ra7 16. Bxf6 gxf6 17. Be4 h6 18. Qd2 Rd7 19. Bc2 Kg7 20. b4 d4 21. bxc5 bxc5 22. a4 c4 23. a5 d3 24. exd3 cxd3 25. Ba4 Rd6 26. Bb5 Qa8 27. Qf4 Rfd8 28. Rd2 Rd4 29. Qe3 Re4 30. Qb6 Bh3 31. Bc6 Rde8 32. Bxe4 Qxe4 33. f3 Qe5 34. Rad1 Re6 35. Qf2 Qxa5 36. Rxd3 h5 37. Rd5 Qa4 38. R5d4 Qb5 39. R4d2 Qe5 40. Qd4 Qc7 41. Ra1 Qc6 42. Qf2 Qc3 43. Re1 Rxe1+ 44. Qxe1 Qxf3 45. Qf2 Qc6 46. Rd1 Bg4 47. Re1 Bh3 48. Qe2 Qc5+ 49. Qe3 Qc6 50. Re2 Qd5 51. Rd2 Qf5 52. Qe2 Qc5+ 53. Kh1 Qc6+ 54. Kg1 Qc5+ 55. Kh1 Qc6+ 56. Kg1 Qc5+ 1/2-1/2

[Event "12th Sinquefield Cup"]
[Site "Saint Louis USA"]
[Date "2025.08.21"]
[Round "4.2"]
[White "Aronian, L."]
[Black "Duda, J."]
[Result "1/2-1/2"]
[WhiteElo "2737"]
[BlackElo "2725"]
[PlyCount "77"]
[EventDate "2025.08.18"]

1. d4 d5 2. c4 e6 3. Nc3 c5 4. cxd5 exd5 5. Nf3 Nc6 6. dxc5 d4 7. Na4 Bxc5 8. Nxc5 Qa5+ 9. Qd2 Qxc5 10. e3 dxe3 11. Qxe3+ Qxe3+ 12. Bxe3 Nge7 13. Bc4 O-O 14. O-O h6 ({RR} 14... Bg4 15. Nd2 Rfd8 16. f3 Bf5 17. Ne4 Ne5 18. Bb3 b6 19. Bg5 N5c6 20. Rad1 Kf8 21. Nd6 Bg6 22. Rfe1 Rd7 23. Nc4 Rad8 24. Rxd7 Rxd7 25. Bf4 Nd4 26. Ne5 Rd8 27. Bc4 b5 28. Bf1 Bf5 29. Kf2 {Aronian,L (2730)-Vidit,S (2722) chess.com INT 2024 ½-½ (44)}) ({RR} 14... Bg4 15. Nd4 Nxd4 16. Bxd4 Rfd8 17. Be3 Nf5 18. Bg5 Rd4 19. Rac1 h6 20. Be3 Nxe3 21. Bxf7+ Kh8 22. fxe3 Rd7 23. h3 Be2 24. Rf2 Bb5 25. e4 Bc6 26. e5 Re7 27. Re1 g5 28. Bb3 Kg7 29. Ref1 {Roshka,Y (2497)-Janous,M (2291) Ceske Budejovice CZE 2026 1-0 (44)}) ({RR} 14... Bg4 15. Nd2 Rfd8 16. f3 Bf5 17. Ne4 Ne5 18. Bb3 b6 19. Bg5 N5c6 20. Rad1 Kf8 21. Nd6 Bg6 22. Rfe1 Rd7 23. Nc4 Rad8 24. Rxd7 Rxd7 25. Bf4 Nd4 26. Ne5 Rd8 27. Bc4 b5 28. Bf1 Bf5 29. Kf2 {Aronian,L (2730)-Vidit,S (2722) chess.com INT 2024 ½-½ (44)}) ({RR} 14... Bg4 15. Nd4 Nxd4 16. Bxd4 Rfd8 17. Be3 Nf5 18. Bg5 Rd4 19. Rac1 h6 20. Be3 Nxe3 21. Bxf7+ Kh8 22. fxe3 Rd7 23. h3 Be2 24. Rf2 Bb5 25. e4 Bc6 26. e5 Re7 27. Re1 g5 28. Bb3 Kg7 29. Ref1 {Roshka,Y (2497)-Janous,M (2291) Ceske Budejovice CZE 2026 1-0 (44)}) 15. Rfe1 Rd8 $146 ({RR} 15... Nf5 16. Bc5 Rd8 17. Ne5 Nxe5 18. Rxe5 Bd7 19. Rd1 Bc6 20. Rde1 Nd6 21. Bb3 b6 22. Ba3 Nb5 23. Be7 Re8 24. Bc4 Nd4 25. Bb4 Rxe5 26. Rxe5 Rd8 27. Bc3 Ne6 28. Re1 Nf4 29. f3 h5 30. Re7 {Milikow,Y (2416)-Lacasa Diaz,J (2372) chess.com INT 2023 1-0 (44)}) ({RR} 15... Nf5 16. Bc5 Rd8 17. Ne5 Nxe5 18. Rxe5 Bd7 19. Rd1 Bc6 20. Rde1 Nd6 21. Bb3 b6 22. Ba3 Nb5 23. Be7 Re8 24. Bc4 Nd4 25. Bb4 Rxe5 26. Rxe5 Rd8 27. Bc3 Ne6 28. Re1 Nf4 29. f3 h5 30. Re7 {Milikow,Y (2416)-Lacasa Diaz,J (2372) chess.com INT 2023 1-0 (44)}) 16. h3 Nd5 17. Bd2 Be6 18. Rac1 Nc7 19. Bf4 Bxc4 20. Bxc7 Rd7 21. Rxc4 Rxc7 22. Nd4 Rd8 23. Nxc6 Rxc6 24. Rxc6 bxc6 25. Re2 Rd1+ 26. Kh2 Kf8 27. g4 Rc1 28. Kg2 c5 29. a3 c4 30. Re5 c3 31. bxc3 Rxc3 32. a4 a6 33. Re4 Ra3 34. Rb4 Ke7 35. Rb7+ Kf8 36. Rb8+ Ke7 37. Rb7+ Kf8 38. Rb8+ Ke7 39. Rb7+ 1/2-1/2

[Event "Titled Tue 8th Apr Late"]
[Site "chess.com INT"]
[Date "2025.04.08"]
[Round "10"]
[White "Le, Quang Liem"]
[Black "Tari, A."]
[Result "1-0"]
[WhiteElo "2729"]
[BlackElo "2636"]
[PlyCount "87"]
[EventDate "2025.04.08"]

1. Nf3 Nf6 2. c4 c5 3. Nc3 e6 4. g3 d5 5. cxd5 exd5 6. d4 Nc6 7. a3 cxd4 8. Nxd4 Bc5 9. Be3 Bb6 10. Bg2 O-O 11. O-O Re8 12. Rc1 ({RR} 12. Kh1 Bg4 13. Re1 Qd7 14. Nxc6 Bxe3 15. Nb4 Bxf2 16. Rf1 d4 17. Rxf2 dxc3 18. Qxd7 Bxd7 19. bxc3 Ng4 20. Rf4 Rxe2 21. Bxb7 Rb8 22. Bg2 g5 23. Rd4 Rbe8 24. Bf3 Rxh2+ 25. Kg1 Ne5 26. Bg2 Rh6 {Abdusattorov,N (2777)-So,W (2747) Kolkata IND 2024 0-1 (37)}) ({RR} 12. Kh1 Bg4 13. Re1 Qd7 14. Nxc6 Bxe3 15. Nb4 Bxf2 16. Rf1 d4 17. Rxf2 dxc3 18. Qxd7 Bxd7 19. bxc3 Ng4 20. Rf4 Rxe2 21. Bxb7 Rb8 22. Bg2 g5 23. Rd4 Rbe8 24. Bf3 Rxh2+ 25. Kg1 Ne5 26. Bg2 Rh6 {Abdusattorov,N (2777)-So,W (2747) Kolkata IND 2024 0-1 (37)}) 12... h6 13. h3 Bd7 14. Kh2 $146 ({RR} 14. Qd2 Ne4 15. Nxe4 Nxd4 16. Bxd4 dxe4 17. Bxb6 axb6 18. Rfd1 Bc6 19. Qb4 Qg5 20. e3 Qa5 21. Rc4 b5 22. Rcd4 Qxb4 23. Rxb4 Ra4 24. Rdd4 Rxb4 25. axb4 Kf8 26. g4 Re5 27. Kf1 h5 28. gxh5 Rxh5 {Mamedov,E (2477)-Zhu,Y (2087) San Vicente ESP 2026 ½-½ (31)}) ({RR} 14. Qd2 Ne4 15. Nxe4 Nxd4 16. Bxd4 dxe4 17. Bxb6 axb6 18. Rfd1 Bc6 19. Qb4 Qg5 20. e3 Qa5 21. Rc4 b5 22. Rcd4 Qxb4 23. Rxb4 Ra4 24. Rdd4 Rxb4 25. axb4 Kf8 26. g4 Re5 27. Kf1 h5 28. gxh5 Rxh5 {Mamedov,E (2477)-Zhu,Y (2087) San Vicente ESP 2026 ½-½ (31)}) 14... Ne5 15. Bf4 Ng6 16. e3 Nxf4 17. gxf4 Rc8 18. Qd3 Qe7 19. Rc2 Rcd8 20. Rfc1 Bc8 21. Na4 Ne4 22. Nxb6 axb6 23. Qb3 Qh4 24. Nf3 Qh5 25. Ne5 g5 26. Qxb6 gxf4 27. exf4 Rd6 28. Qd4 Bf5 29. Rg1 Kf8 30. Qb4 b6 31. f3 Nc5 32. Rxc5 bxc5 33. Qxc5 Red8 34. Rd1 Qh4 35. Qb4 Qe7 36. Re1 Qc7 37. Qd4 f6 38. Ng4 Qb6 39. Qd2 Bxg4 40. hxg4 d4 41. f5 d3 42. Qxh6+ Kf7 43. Qh7+ Kf8 44. Re7 1-0

[Event "Chess.com Classic Play-In"]
[Site "chess.com INT"]
[Date "2025.05.19"]
[Round "3"]
[White "Andreikin, D."]
[Black "Tari, A."]
[Result "1/2-1/2"]
[WhiteElo "2695"]
[BlackElo "2636"]
[PlyCount "111"]
[EventDate "2025.05.19"]

1. d4 d5 2. c4 e6 3. Nc3 c5 4. e3 Nf6 5. Nf3 Nc6 6. cxd5 exd5 7. Bb5 cxd4 8. exd4 Bd6 9. O-O O-O 10. Bg5 Bg4 11. Be2 h6 12. Bxf6 Qxf6 13. Nxd5 Qg6 14. Ne3 Rad8 15. Nxg4 Qxg4 16. Rc1 $146 ({RR} 16. d5 Ne7 17. g3 Bc5 18. Qb3 Nxd5 19. Qc4 Qxc4 20. Bxc4 Nf6 21. Rae1 g6 22. Re2 Kg7 23. Rfe1 Rfe8 24. Rxe8 Rxe8 25. Rxe8 Nxe8 26. Ne5 Nd6 27. Bd5 Bd4 28. Nd3 Kf6 29. Kg2 Ke7 30. f4 h5 {Andreikin,D (2729)-Tabatabaei,M (2632) Chess.com INT 2022 ½-½ (57)}) ({RR} 16. d5 Ne7 17. g3 Bc5 18. Qb3 Nxd5 19. Qc4 Qxc4 20. Bxc4 Nf6 21. Rae1 g6 22. Re2 Kg7 23. Rfe1 Rfe8 24. Rxe8 Rxe8 25. Rxe8 Nxe8 26. Ne5 Nd6 27. Bd5 Bd4 28. Nd3 Kf6 29. Kg2 Ke7 30. f4 h5 {Andreikin,D (2729)-Tabatabaei,M (2632) Chess.com INT 2022 ½-½ (57)}) ({RR} 16. d5 Ne7 17. g3 Bc5 18. Qb3 Nxd5 19. Qc4 Qxc4 20. Bxc4 Nf6 21. Rae1 g6 22. Re2 Kg7 23. Rfe1 Rfe8 24. Rxe8 Rxe8 25. Rxe8 Nxe8 26. Ne5 Nd6 27. Bd5 Bd4 28. Nd3 Kf6 29. Kg2 Ke7 30. f4 h5 {Andreikin,D (2729)-Tabatabaei,M (2632) Chess.com INT 2022 ½-½ (57)}) ({RR} 16. d5 Ne7 17. g3 Bc5 18. Qb3 Nxd5 19. Qc4 Qxc4 20. Bxc4 Nf6 21. Rae1 g6 22. Re2 Kg7 23. Rfe1 Rfe8 24. Rxe8 Rxe8 25. Rxe8 Nxe8 26. Ne5 Nd6 27. Bd5 Bd4 28. Nd3 Kf6 29. Kg2 Ke7 30. f4 h5 {Andreikin,D (2729)-Tabatabaei,M (2632) Chess.com INT 2022 ½-½ (57)}) 16... Qf4 17. Bb5 Ne7 18. g3 Qf6 19. Qb3 Bb8 20. Rfd1 a6 21. Be2 b5 22. a4 bxa4 23. Qxa4 Rd6 24. Kg2 Ng6 25. h3 Rb6 26. Qc2 Rd8 27. Bd3 Nf8 28. Be4 Ne6 29. Bf5 Ng5 30. Ne5 Rbd6 31. Nc6 Rxc6 32. Qxc6 Qxf5 33. h4 Ne4 34. Rf1 Ba7 35. Qc7 Rd7 36. Qc8+ Kh7 37. Rc7 Nf6 38. Rxd7 Nxd7 39. Rd1 Qd5+ 40. Kf1 a5 41. Qa6 Bb6 42. Kg1 h5 43. Qe2 Nf6 44. Rd3 Qf5 45. Rb3 Bxd4 46. Rb5 Qg6 47. Rg5 Qb1+ 48. Kg2 Qxb2 49. Qxb2 Bxb2 50. Rxa5 Bc3 51. Rc5 Bd4 52. Rc4 Bb2 53. Rc2 Bd4 54. Rc4 Bb2 55. Rc2 Bd4 56. Rc4 1/2-1/2

[Event "Titled Tue 20th May Early"]
[Site "chess.com INT"]
[Date "2025.05.20"]
[Round "5"]
[White "Sarana, A."]
[Black "Tari, A."]
[Result "1-0"]
[WhiteElo "2686"]
[BlackElo "2636"]
[PlyCount "111"]
[EventDate "2025.05.20"]

1. d4 d5 2. c4 e6 3. Nc3 c5 4. Nf3 cxd4 5. Nxd4 e5 6. Ndb5 d4 7. Nd5 Na6 8. e3 Nf6 9. Nxf6+ Qxf6 10. exd4 Bb4+ 11. Bd2 O-O 12. d5 Qg6 $146 ({RR} 12... Bc5 13. Qf3 Qg6 14. Qg3 Qb6 15. Be2 {½-½ (15) Vijayakumar,R (2310)-Dickenson,N (2247) Liverpool ENG 2025}) ({RR} 12... Bc5 13. Qf3 Qg6 14. Qg3 Qb6 15. Be2 {½-½ (15) Vijayakumar,R (2310)-Dickenson,N (2247) Liverpool 2025}) ({RR} 12... Bc5 13. Qf3 Qg6 14. Qg3 Qb6 15. Be2 {½-½ (15) Vijayakumar,R (2310)-Dickenson,N (2247) Liverpool ENG 2025}) ({RR} 12... Bc5 13. Qf3 Qg6 14. Qg3 Qb6 15. Be2 {½-½ (15) Vijayakumar,R (2310)-Dickenson,N (2247) Liverpool 2025}) 13. a3 Bxd2+ 14. Qxd2 Nc5 15. Qe3 b6 16. b4 Nb7 17. Bd3 Qxg2 18. O-O-O Qh3 19. Nc7 Rb8 20. Na6 Ra8 21. c5 Qxe3+ 22. fxe3 bxc5 23. bxc5 Bg4 24. c6 Nd6 25. Rdf1 e4 26. Rf4 f5 27. Bc2 g5 28. Rf2 Bf3 29. Rg1 g4 30. Kd2 Kf7 31. Kc3 h5 32. Kd4 Kf6 33. Kc5 Ke5 34. c7 h4 35. Nb4 Nb7+ 36. Kc6 Nd6 37. Kc5 Nb7+ 38. Kc6 Nd6 39. Ba4 a5 40. Na2 Ra6+ 41. Kc5 Rc8 42. Bc6 Rxc7 43. Nc3 Rc8 44. Rb2 Nf7 45. Rb7 Ng5 46. Re7+ Kf6 47. Rb7 g3 48. hxg3 h3 49. Nb5 h2 50. Rc1 h1=Q 51. Rxh1 Bxh1 52. Nd6 Ne6+ 53. Kb5 Raxc6 54. dxc6 Rc7 55. Ne8+ Ke5 56. Nxc7 1-0